01481cam a2200157 a 4500020002700000020001800027050001600045100002700061245009000088260006400178300003600242500002100278505098200299650001901281700002301300 a0521848059 (hardcover) a978052184805300aHB172b.C141 aCameron, Adrian Colin.10aMicroeconometrics :bmethods and applications /cA. Colin Cameron, Pravin K. Trivedi. aCambridge ;aNew York :bCambridge University Press,c2005. axxii, 1034 p. :bill. ;c27 cm. aIncludes tables.0 a1. Overview -- 2. Causal and noncasual models -- 3. Microeconomic data structures -- 4. Linear models -- 5. Maximum likelihood and nonlinear least-squares estimation -- 6. Generalized method of moments and systems estimation -- 7. Hypothesis tests -- 8. Specification tests and model selection -- 9. Semiparametric methods -- 10. Numerical optimization -- 11. Bootstrap methods -- 12. Simulation-based methods -- 13. Bayesian methods -- 14. Binary outcome models -- 15. Multinomial models -- 16. Tobit and selection models -- 17. Transition data : survival analysis -- 18. Mixture models and unobserved heterogeneity -- 19. Models of multiple hazards -- 20. Models of count data -- 21. Linear panel models : basics -- 22. Linear panel models : extensions -- 23. Nonlinear panel models -- 24. Stratified and clustered samples -- 25. Treatment evaluation -- 26. Measurement error models -- 27. Missing data and imputation -- A. Asymptotic theory -- B. Making pseudo-random draws. 0aMicroeconomics1 aTrivedi, Pravin K.